| 000 | 02014nam0a2200373 i 4500 | ||
|---|---|---|---|
| 001 | RU\NLR\BIBL_A\010475812 | ||
| 005 | 20260409071845.0 | ||
| 010 |
_a9785446812530 _91000 |
||
| 021 |
_aRU _b2014-57426 _93478 |
||
| 035 | _a(NILC)RuMoRGB-007525918 | ||
| 035 | _a(NLR Aleph) 010475812 | ||
| 090 |
_a10043334 _c10043334 |
||
| 100 | _a20141014d2014 m y0rusy50 ca | ||
| 101 | 0 | _arus | |
| 102 | _aRU | ||
| 105 | _aa|||j|||000yy | ||
| 200 | 1 |
_aИнформатика и ИКТ _eпособие для подготовки к ЕГЭ _eучебное пособие для использования в учебном процессе образовательных учреждений, реализующих программы начального и среднего профессионального образования по всем профессиям и специальностям, учебная дисциплина "Информатика и ИКТ" _fС. В. Малясова, С. В. Демьяненко _gпод. ред. М. С. Цветковой |
|
| 205 | _a3-е изд., стер. | ||
| 210 |
_aМосква _cАкадемия _d2014 |
||
| 215 |
_a297, [1] с. _cил. _d22 |
||
| 225 | 1 |
_aПрофессиональное образование _iОбщеобразовательные дисциплины |
|
| 320 | _aБиблиогр.: с. 292 | ||
| 606 |
_aИнформатика _jУчебные издания _92081274 _3RU\NLR\AUTH\661257251 |
||
| 606 |
_aИнформационные технологии _jУчебные издания _3RU\NLR\AUTH\66778624 _91740175 |
||
| 686 | 1 | _aЗ973.233я72-1 | |
| 700 | 1 |
_aМалясова _bС. В. _gСветлана Валентиновна |
|
| 701 | 1 |
_aДемьяненко _bС. В. _gСергей Владимирович |
|
| 801 | 0 |
_aRU _bRuMoRKP _c20121210 _gRCR |
|
| 801 | 2 |
_aRU _bРГБ _c20140728 _grcr |
|
| 801 | 1 |
_aRU _bRuMoRKP _c20121210 _2rusmarc |
|
| 942 | _cBOOK | ||
| 980 | _aNBR | ||